| 000 | 01726nam a2200373 a 4500 | ||
|---|---|---|---|
| 001 | ebr10516744 | ||
| 003 | CaPaEBR | ||
| 006 | m u | ||
| 007 | cr cn||||||||| | ||
| 008 | 111228s1986 nyua sb 101 0 eng d | ||
| 020 | _z0930403142 | ||
| 020 | _z9780930403140 | ||
| 020 | _z9781600863608 (e-book) | ||
| 040 |
_aCaPaEBR _cCaPaEBR |
||
| 035 | _a(OCoLC)774285757 | ||
| 050 | 1 | 4 |
_aQD516 _b.F53 1986eb |
| 245 | 0 | 0 |
_aFlames and configurations _h[electronic resource] / _cedited by J.R. Bowen, J.-C. Leyer, R.I. Soloukhin. |
| 260 |
_aNew York : _bAmerican Institute of Aeronautics and Astronautics, _c1986. |
||
| 300 |
_axviii, 417 p. : _bill. |
||
| 490 | 1 |
_aProgress in astronautics and aeronautics ; _vv. 105 |
|
| 500 | _a"Technical papers presented from the tenth International Colloquium on Dynamics of Explosions and Reactive Systems, Berkeley, California, August 1985, and subsequently revised for this volume. | ||
| 504 | _aIncludes bibliographical references and index. | ||
| 533 |
_aElectronic reproduction. _bPalo Alto, Calif. : _cebrary, _d2013. _nAvailable via World Wide Web. _nAccess may be limited to ebrary affiliated libraries. |
||
| 650 | 0 |
_aFlame _vCongresses. |
|
| 650 | 0 |
_aConfigurations _vCongresses. |
|
| 655 | 7 |
_aElectronic books. _2local |
|
| 700 | 1 | _aBowen, J. R. | |
| 700 | 1 | _aLeyer, J.-C. | |
| 700 | 1 | _aSoloukhin, R. I. | |
| 710 | 2 | _aebrary, Inc. | |
| 711 | 2 |
_aInternational Colloquium on Dynamics of Explosions and Reactive Systems _n(10th : _d1985 : _cBerkeley, Calif.) |
|
| 830 | 0 |
_aProgress in astronautics and aeronautics ; _vv. 105. |
|
| 856 | 4 | 0 |
_uhttp://site.ebrary.com/lib/rucke/Doc?id=10516744 _zAn electronic book accessible through the World Wide Web; click to view |
| 999 |
_c224316 _d224316 |
||